[Event "World Chess Olympiad 2018"]
[Site "Batumi"]
[Date "2018.09.30"]
[Round "6"]
[Board "3"]
[WhiteFideId "11602945"]
[White "Kantans Toms"]
[BlackFideId "1024523"]
[Black "Beukema Stefan"]
[Result "0-1"]
[LiveChessVersion "1.4.8"]
[BlackElo "2396"]
[WhiteElo "2509"]

1. e4 {[%clk 1:30:56]} e5 {[%clk 1:30:49]} 2. Nf3 {[%clk 1:31:20]} Nc6
{[%clk 1:31:14]} 3. Bb5 {[%clk 1:31:44]} a6 {[%clk 1:31:28]} 4. Ba4
{[%clk 1:32:07]} Nf6 {[%clk 1:31:51]} 5. O-O {[%clk 1:32:32]} Be7
{[%clk 1:32:14]} 6. Re1 {[%clk 1:32:54]} b5 {[%clk 1:32:38]} 7. Bb3
{[%clk 1:33:20]} d6 {[%clk 1:32:59]} 8. c3 {[%clk 1:33:44]} O-O {[%clk 1:33:19]}
9. h3 {[%clk 1:33:47]} Na5 {[%clk 1:33:41]} 10. Bc2 {[%clk 1:34:11]} c5
{[%clk 1:34:03]} 11. d4 {[%clk 1:34:15]} Qc7 {[%clk 1:34:18]} 12. Nbd2
{[%clk 1:34:15]} cxd4 {[%clk 1:34:37]} 13. cxd4 {[%clk 1:34:38]} Nc6
{[%clk 1:35:02]} 14. Nb3 {[%clk 1:34:59]} a5 {[%clk 1:35:23]} 15. Be3
{[%clk 1:35:23]} a4 {[%clk 1:35:14]} 16. Nbd2 {[%clk 1:35:47]} Bd7
{[%clk 1:35:16]} 17. Rc1 {[%clk 1:32:51]} Qb7 {[%clk 1:35:15]} 18. Nf1
{[%clk 1:33:07]} Rfe8 {[%clk 1:16:56]} 19. Ng3 {[%clk 1:33:28]} h6
{[%clk 1:16:43]} 20. Qe2 {[%clk 1:33:13]} Bf8 {[%clk 1:13:15]} 21. Bb1
{[%clk 1:23:25]} Na5 {[%clk 1:00:35]} 22. Nd2 {[%clk 1:16:56]} Nc6
{[%clk 0:59:07]} 23. d5 {[%clk 1:13:07]} Ne7 {[%clk 0:58:00]} 24. Bd3
{[%clk 1:10:13]} g6 {[%clk 0:42:22]} 25. Nb1 {[%clk 1:09:22]} Bg7
{[%clk 0:41:04]} 26. Qd2 {[%clk 1:09:22]} Kh7 {[%clk 0:31:40]} 27. Na3
{[%clk 1:02:45]} Reb8 {[%clk 0:28:27]} 28. Nc2 {[%clk 1:01:55]} Ne8
{[%clk 0:25:54]} 29. Nb4 {[%clk 1:01:58]} Rc8 {[%clk 0:25:03]} 30. Ne2
{[%clk 0:59:44]} f5 {[%clk 0:19:11]} 31. f3 {[%clk 0:53:51]} f4 {[%clk 0:15:33]}
32. Bf2 {[%clk 0:54:18]} g5 {[%clk 0:12:40]} 33. Rxc8 {[%clk 0:54:23]} Rxc8
{[%clk 0:11:47]} 34. Rc1 {[%clk 0:54:37]} Nc7 {[%clk 0:11:12]} 35. Rc2
{[%clk 0:50:44]} h5 {[%clk 0:04:42]} 36. g4 {[%clk 0:51:03]} hxg4
{[%clk 0:04:01]} 37. hxg4 {[%clk 0:51:29]} Ne8 {[%clk 0:01:51]} 38. Rxc8
{[%clk 0:46:42]} Qxc8 {[%clk 0:02:14]} 39. Qc3 {[%clk 0:47:03]} Qb7
{[%clk 0:02:16]} 40. Nc2 {[%clk 1:16:45]} Ng6 {[%clk 0:31:59]} 41. Kf1
{[%clk 1:14:38]} Bf6 {[%clk 0:29:29]} 42. Nb4 {[%clk 1:10:53]} Bd8
{[%clk 0:27:21]} 43. Nc6 {[%clk 1:11:00]} Bb6 {[%clk 0:27:44]} 44. Be1
{[%clk 1:03:50]} Bxg4 {[%clk 0:15:57]} 45. fxg4 {[%clk 1:00:34]} Qd7
{[%clk 0:16:20]} 46. Ned4 exd4 {[%clk 0:13:03]} 47. Qc2 {[%clk 0:44:18]} Qxg4
{[%clk 0:07:01]} 48. Qh2+ {[%clk 0:41:03]} Kg7 {[%clk 0:06:10]} 49. Be2
{[%clk 0:41:31]} f3 {[%clk 0:04:59]} 50. Bxb5 {[%clk 0:40:30]} Qxe4
{[%clk 0:04:38]} 51. Nb4 {[%clk 0:38:32]} Nf6 {[%clk 0:01:22]} 52. Bd3
{[%clk 0:36:39]} Qf4 {[%clk 0:01:14]} 53. Bg3 {[%clk 0:34:37]} Qc1+
{[%clk 0:01:36]} 54. Be1 {[%clk 0:35:05]} Nf4 {[%clk 0:01:24]} 55. Bb5
{[%clk 0:32:28]} Ng2 {[%clk 0:01:10]} 56. Nd3 {[%clk 0:32:55]} Qd1
{[%clk 0:00:54]} 57. Qg3 {[%clk 0:31:41]} Ne4 {[%clk 0:01:11]} 58. Qh3
{[%clk 0:32:09]} Ne3+ {[%clk 0:01:29]} 0-1

[Event "World Chess Olympiad 2018"]
[Site "Batumi"]
[Date "2018.09.30"]
[Round "6"]
[Board "4"]
[WhiteFideId "13300865"]
[White "Hovhannisyan Mher"]
[BlackFideId "11601426"]
[Black "Bernotas Arturs"]
[Result "1-0"]
[LiveChessVersion "1.4.8"]
[BlackElo "2408"]
[WhiteElo "2483"]

1. c4 {[%clk 1:30:56]} Nf6 {[%clk 1:30:39]} 2. Nc3 {[%clk 1:30:50]} e6
{[%clk 1:30:28]} 3. e4 {[%clk 1:30:39]} d5 {[%clk 1:29:54]} 4. cxd5
{[%clk 1:30:11]} exd5 {[%clk 1:30:14]} 5. e5 {[%clk 1:30:05]} Ne4
{[%clk 1:28:27]} 6. d4 {[%clk 1:30:02]} Be7 {[%clk 1:23:13]} 7. Bd3
{[%clk 1:27:22]} Nxc3 {[%clk 1:13:56]} 8. bxc3 {[%clk 1:27:09]} c5
{[%clk 1:13:17]} 9. Ne2 {[%clk 1:26:57]} Nc6 {[%clk 1:10:48]} 10. O-O
{[%clk 1:26:53]} O-O {[%clk 1:04:21]} 11. Be3 {[%clk 1:20:33]} Be6
{[%clk 0:55:45]} 12. Qb1 {[%clk 1:15:03]} g6 {[%clk 0:53:18]} 13. Bh6
{[%clk 0:50:40]} Re8 {[%clk 0:52:16]} 14. Qxb7 {[%clk 0:49:41]} Na5
{[%clk 0:42:53]} 15. Qb1 {[%clk 0:45:02]} Nc4 {[%clk 0:40:07]} 16. Nf4
{[%clk 0:41:58]} Rb8 {[%clk 0:34:17]} 17. Qc1 {[%clk 0:29:20]} Nb2
{[%clk 0:25:49]} 18. Be2 {[%clk 0:24:45]} Qa5 {[%clk 0:22:30]} 19. dxc5
{[%clk 0:19:50]} Bxc5 {[%clk 0:20:38]} 20. Nh5 {[%clk 0:18:08]} Be7
{[%clk 0:15:02]} 21. Nf6+ {[%clk 0:15:40]} Bxf6 {[%clk 0:15:13]} 22. exf6
{[%clk 0:16:09]} Na4 {[%clk 0:14:27]} 23. Bd2 {[%clk 0:10:31]} Rec8
{[%clk 0:11:43]} 24. c4 {[%clk 0:09:11]} Qc5 {[%clk 0:05:48]} 25. Bf4
{[%clk 0:06:06]} Rb2 {[%clk 0:04:08]} 26. Bd1 {[%clk 0:04:25]} Rb4
{[%clk 0:03:54]} 27. Bxa4 {[%clk 0:00:50]} Rxa4 {[%clk 0:03:30]} 28. cxd5
{[%clk 0:00:41]} Qxd5 {[%clk 0:02:56]} 29. Qe3 {[%clk 0:00:44]} Re4
{[%clk 0:01:19]} 30. Qg3 {[%clk 0:00:44]} Qf5 {[%clk 0:01:31]} 31. Be3
{[%clk 0:00:42]} Rg4 {[%clk 0:01:28]} 32. Qh3 {[%clk 0:00:37]} Qxf6
{[%clk 0:00:54]} 33. f3 {[%clk 0:00:42]} Rgc4 {[%clk 0:00:38]} 34. Qh6
{[%clk 0:00:41]} Rc2 {[%clk 0:00:37]} 35. Rad1 {[%clk 0:00:35]} Qg7
{[%clk 0:00:38]} 36. Qg5 {[%clk 0:00:48]} f6 {[%clk 0:00:50]} 37. Qf4
{[%clk 0:00:42]} Rxa2 {[%clk 0:00:42]} 38. Rd6 {[%clk 0:00:39]} Bf7
{[%clk 0:00:34]} 39. Bd4 {[%clk 0:00:47]} Ra4 {[%clk 0:00:32]} 40. Qd2
{[%clk 0:30:35]} Ra2 {[%clk 0:30:34]} 41. Qf4 {[%clk 0:21:09]} g5
{[%clk 0:10:00]} 42. Qg4 {[%clk 0:13:58]} Re8 {[%clk 0:08:14]} 43. Bxf6
{[%clk 0:08:03]} Qg6 {[%clk 0:07:57]} 44. Be5 {[%clk 0:02:59]} Re6
{[%clk 0:07:22]} 45. Rxe6 {[%clk 0:02:39]} Bxe6 {[%clk 0:06:25]} 46. Qd4
{[%clk 0:03:09]} Qe8 {[%clk 0:03:49]} 47. Rb1 {[%clk 0:01:11]} Qd7
{[%clk 0:02:31]} 48. Rb8+ {[%clk 0:01:31]} Kf7 {[%clk 0:02:51]} 49. Bd6
{[%clk 0:02:00]} Kg6 {[%clk 0:01:46]} 50. Rf8 {[%clk 0:01:26]} Bf7
{[%clk 0:01:39]} 51. Qe4+ {[%clk 0:00:45]} Kg7 {[%clk 0:01:39]} 52. Qe5+
{[%clk 0:00:45]} Kg6 {[%clk 0:01:39]} 53. h4 {[%clk 0:00:46]} gxh4
{[%clk 0:02:03]} 54. Qe4+ {[%clk 0:00:49]} Kg7 {[%clk 0:02:21]} 55. Qd4+
{[%clk 0:00:48]} Kg6 {[%clk 0:02:42]} 56. Qd3+ {[%clk 0:00:39]} Kf6
{[%clk 0:01:22]} 57. Be7+ {[%clk 0:00:47]} 1-0

[Event "World Chess Olympiad 2018"]
[Site "Batumi"]
[Date "2018.09.30"]
[Round "6"]
[Board "1"]
[WhiteFideId "4800192"]
[White "Al-Ali Hussein Ali Hussein"]
[BlackFideId "6001238"]
[Black "Lam Daniel King Wai"]
[Result "1-0"]
[LiveChessVersion "1.4.8"]
[BlackElo "2145"]
[WhiteElo "2273"]

1. c4 b6 {[%clk 1:30:56]} 2. Nc3 {[%clk 1:31:11]} Bb7 {[%clk 1:31:21]} 3. e4
{[%clk 1:30:54]} e5 {[%clk 1:31:48]} 4. Nf3 {[%clk 1:31:16]} Nc6 {[%clk 1:31:58]}
5. a3 {[%clk 1:30:10]} a5 {[%clk 1:32:05]} 6. Be2 {[%clk 1:30:28]} Bc5
{[%clk 1:30:02]} 7. O-O {[%clk 1:30:13]} d6 {[%clk 1:28:23]} 8. d3
{[%clk 1:30:04]} Nge7 {[%clk 1:27:39]} 9. Be3 {[%clk 1:28:49]} O-O
{[%clk 1:25:32]} 10. d4 {[%clk 1:26:58]} exd4 {[%clk 1:15:08]} 11. Nxd4
{[%clk 1:23:04]} Bxd4 {[%clk 1:04:03]} 12. Bxd4 {[%clk 1:23:22]} f5
{[%clk 1:04:19]} 13. f3 {[%clk 1:14:16]} fxe4 {[%clk 1:01:32]} 14. Nxe4
{[%clk 1:13:56]} Nxd4 {[%clk 1:00:31]} 15. Qxd4 {[%clk 1:14:15]} Nf5
{[%clk 0:54:54]} 16. Qd2 {[%clk 1:12:37]} Qh4 {[%clk 0:50:24]} 17. Rae1
{[%clk 1:07:20]} Rae8 {[%clk 0:40:28]} 18. Bd1 {[%clk 1:06:39]} Re5
{[%clk 0:38:29]} 19. Bb3 {[%clk 0:59:17]} Kh8 {[%clk 0:34:30]} 20. Ng5
{[%clk 0:36:46]} Ne3 {[%clk 0:30:16]} 21. Nf7+ {[%clk 0:35:35]} Rxf7
{[%clk 0:30:13]} 22. Rxe3 {[%clk 0:35:57]} Rxe3 {[%clk 0:30:08]} 23. Qxe3
{[%clk 0:36:10]} Re7 {[%clk 0:29:49]} 24. Qf2 {[%clk 0:36:31]} Qxf2+
{[%clk 0:25:42]} 25. Kxf2 {[%clk 0:36:54]} g6 {[%clk 0:21:15]} 26. Re1
{[%clk 0:36:25]} Rxe1 {[%clk 0:21:21]} 27. Kxe1 {[%clk 0:36:49]} Kg7
{[%clk 0:21:02]} 28. Kf2 {[%clk 0:37:11]} g5 {[%clk 0:19:20]} 29. g3
{[%clk 0:37:15]} Kf6 {[%clk 0:18:26]} 30. Ke3 {[%clk 0:37:22]} h6
{[%clk 0:14:43]} 31. Bc2 {[%clk 0:37:26]} Bc6 {[%clk 0:08:14]} 32. f4
{[%clk 0:37:00]} gxf4+ {[%clk 0:06:32]} 33. Kxf4 {[%clk 0:37:15]} d5
{[%clk 0:06:15]} 34. cxd5 {[%clk 0:37:29]} Bxd5 {[%clk 0:06:44]} 35. g4
{[%clk 0:37:25]} b5 {[%clk 0:05:16]} 36. b4 {[%clk 0:37:32]} axb4
{[%clk 0:03:29]} 37. axb4 {[%clk 0:37:52]} Ke6 {[%clk 0:03:36]} 38. Bd3
{[%clk 0:37:40]} Bc6 {[%clk 0:03:26]} 39. h4 {[%clk 0:37:42]} Be8
{[%clk 0:03:02]} 40. Ke4 {[%clk 1:07:43]} Kd6 {[%clk 0:32:49]} 41. Kd4
{[%clk 1:07:58]} c6 {[%clk 0:32:19]} 42. Be4 {[%clk 1:08:00]} Bd7
{[%clk 0:30:22]} 43. g5 {[%clk 1:08:10]} hxg5 {[%clk 0:29:45]} 44. hxg5
{[%clk 1:08:33]} Be6 {[%clk 0:28:32]} 45. g6 {[%clk 1:08:26]} 1-0

[Event "World Chess Olympiad 2018"]
[Site "Batumi"]
[Date "2018.09.30"]
[Round "6"]
[Board "2"]
[WhiteFideId "6001890"]
[White "Pang Yui Kuen"]
[BlackFideId "4801040"]
[Black "Al-Saffar Araz Basim Mohammed S"]
[Result "1/2-1/2"]
[LiveChessVersion "1.4.8"]
[BlackElo "2400"]
[WhiteElo "1981"]

1. c3 {[%clk 1:29:06]} b6 {[%clk 1:28:33]} 2. d4 {[%clk 1:26:50]} Bb7
{[%clk 1:28:37]} 3. Bf4 {[%clk 1:26:58]} Nf6 {[%clk 1:28:55]} 4. e3
{[%clk 1:25:36]} g6 {[%clk 1:28:22]} 5. Nf3 {[%clk 1:24:08]} Bg7 {[%clk 1:28:44]}
6. h3 {[%clk 1:23:30]} O-O {[%clk 1:28:57]} 7. Be2 {[%clk 1:22:57]} d6
{[%clk 1:28:58]} 8. c4 {[%clk 1:21:25]} c5 {[%clk 1:24:12]} 9. Nc3
{[%clk 1:20:43]} Ne4 {[%clk 1:24:14]} 10. Nxe4 {[%clk 1:16:19]} Bxe4
{[%clk 1:24:36]} 11. O-O {[%clk 1:16:39]} Nd7 {[%clk 1:20:40]} 12. Nd2
{[%clk 1:15:02]} Bb7 {[%clk 1:20:15]} 13. Bf3 {[%clk 1:15:14]} Qc8
{[%clk 1:07:24]} 14. Bxb7 {[%clk 1:08:56]} Qxb7 {[%clk 1:07:47]} 15. Nf3
{[%clk 1:01:15]} e5 {[%clk 0:59:29]} 16. Bg3 {[%clk 1:01:13]} cxd4
{[%clk 0:58:00]} 17. exd4 {[%clk 1:01:41]} e4 {[%clk 0:58:15]} 18. Nd2
{[%clk 1:01:17]} Bxd4 {[%clk 0:56:50]} 19. Nxe4 {[%clk 0:42:13]} Bxb2
{[%clk 0:56:23]} 20. Nxd6 {[%clk 0:41:57]} Qc6 {[%clk 0:55:02]} 21. Rb1
{[%clk 0:41:52]} Be5 {[%clk 0:50:36]} 22. Bxe5 {[%clk 0:42:01]} Nxe5
{[%clk 0:51:00]} 23. Qd4 {[%clk 0:42:22]} Rad8 {[%clk 0:46:59]} 24. Qxe5
{[%clk 0:27:24]} Rxd6 {[%clk 0:47:18]} 25. Rfe1 {[%clk 0:22:56]} Rfd8
{[%clk 0:42:07]} 26. Qb5 {[%clk 0:22:34]} Qc7 {[%clk 0:41:39]} 27. Re8+
{[%clk 0:21:46]} Rxe8 {[%clk 0:41:12]} 28. Qxe8+ {[%clk 0:22:12]} Kg7
{[%clk 0:41:36]} 29. Qe5+ f6 {[%clk 0:32:05]} 30. Qe4 {[%clk 0:19:22]} Rd2 31. a4
{[%clk 0:10:34]} Qc5 {[%clk 0:28:55]} 32. Qb7+ {[%clk 0:10:59]} Kh6
{[%clk 0:29:08]} 33. Qf3 {[%clk 0:11:25]} Qe5 {[%clk 0:24:35]} 34. g3
{[%clk 0:06:53]} Rd7 {[%clk 0:18:15]} 35. Rd1 {[%clk 0:03:40]} Rc7
{[%clk 0:15:05]} 36. Qg4 {[%clk 0:03:22]} Qf5 {[%clk 0:11:45]} 37. Qd4
{[%clk 0:01:32]} Kg7 {[%clk 0:11:17]} 38. h4 {[%clk 0:01:45]} Qc2
{[%clk 0:10:08]} 39. Qd8 {[%clk 0:01:18]} Qxc4 {[%clk 0:10:14]} 40. Rd7+
{[%clk 0:31:31]} Rxd7 {[%clk 0:40:38]} 41. Qxd7+ {[%clk 0:32:00]} Qf7
{[%clk 0:40:59]} 42. Qb5 {[%clk 0:32:23]} Qe7 {[%clk 0:39:03]} 43. Kh2
{[%clk 0:27:04]} Kf8 {[%clk 0:35:00]} 44. Qc6 {[%clk 0:26:50]} Kg7
{[%clk 0:33:19]} 45. Qb5 {[%clk 0:27:00]} Kh6 {[%clk 0:32:12]} 46. Qc6
{[%clk 0:25:45]} Kg7 {[%clk 0:28:55]} 47. Qb5 {[%clk 0:26:13]} Qc7
{[%clk 0:29:18]} 48. Qe8 {[%clk 0:25:10]} Qb7 {[%clk 0:28:41]} 49. Qe3
{[%clk 0:22:27]} a6 {[%clk 0:28:50]} 50. Kg1 {[%clk 0:22:12]} f5 {[%clk 0:24:04]}
51. h5 {[%clk 0:21:58]} Qc7 {[%clk 0:12:12]} 52. h6+ {[%clk 0:22:11]} Kf7
{[%clk 0:12:06]} 53. Qd4 {[%clk 0:22:01]} Ke7 {[%clk 0:11:48]} 54. Qe3+
{[%clk 0:17:14]} Kf7 {[%clk 0:11:00]} 55. Qd4 {[%clk 0:17:36]} Qc1+
{[%clk 0:09:15]} 56. Kg2 {[%clk 0:17:56]} Qc6+ {[%clk 0:09:40]} 57. Kh2
{[%clk 0:17:36]} Ke6 {[%clk 0:10:01]} 58. Qe3+ {[%clk 0:17:32]} Kd7
{[%clk 0:06:18]} 59. Qd3+ {[%clk 0:17:00]} Kc7 {[%clk 0:06:42]} 60. Qxa6
{[%clk 0:15:39]} g5 {[%clk 0:07:06]} 61. Kg1 {[%clk 0:15:38]} g4 {[%clk 0:05:14]}
62. Qd3 {[%clk 0:15:32]} Qc1+ {[%clk 0:05:18]} 63. Kg2 {[%clk 0:15:35]} Qxh6
{[%clk 0:05:42]} 64. Qxf5 {[%clk 0:15:10]} Qc6+ {[%clk 0:06:01]} 65. Kh2
{[%clk 0:14:25]} Qxa4 {[%clk 0:06:19]} 66. Qxh7+ {[%clk 0:14:48]} Qd7
{[%clk 0:06:45]} 67. Qe4 {[%clk 0:11:53]} b5 {[%clk 0:06:58]} 68. Qb4
{[%clk 0:10:30]} Kb6 {[%clk 0:07:17]} 69. Kg1 {[%clk 0:09:44]} Qd1+
{[%clk 0:07:16]} 70. Kg2 {[%clk 0:09:45]} Qd5+ {[%clk 0:07:25]} 71. Kg1
{[%clk 0:08:19]} Qc4 {[%clk 0:07:52]} 72. Qd6+ {[%clk 0:08:05]} Ka5
{[%clk 0:08:17]} 73. Qa3+ {[%clk 0:08:19]} Qa4 {[%clk 0:08:40]} 74. Qc3+
{[%clk 0:06:57]} b4 {[%clk 0:07:55]} 75. Qc7+ {[%clk 0:06:42]} Ka6
{[%clk 0:08:19]} 76. Qd6+ {[%clk 0:06:49]} Kb7 {[%clk 0:08:43]} 77. Qe7+
{[%clk 0:06:32]} Kc8 {[%clk 0:08:32]} 78. Qc5+ {[%clk 0:06:23]} Kd8
{[%clk 0:08:40]} 79. Qd6+ {[%clk 0:06:42]} Kc8 {[%clk 0:08:54]} 80. Qc5+
{[%clk 0:07:05]} Kb7 {[%clk 0:09:12]} 81. Qe7+ {[%clk 0:07:21]} Kc8
{[%clk 0:08:04]} 82. Qc5+ {[%clk 0:07:41]} Kd7 {[%clk 0:08:15]} 83. Qd5+
{[%clk 0:07:59]} Ke8 1/2-1/2

[Event "World Chess Olympiad 2018"]
[Site "Batumi"]
[Date "2018.09.30"]
[Round "6"]
[Board "3"]
[WhiteFideId "4801849"]
[White "Abdulwahhab Ahmed Abdulsattar A"]
[BlackFideId "6001394"]
[Black "Wong Brian"]
[Result "0-1"]
[LiveChessVersion "1.4.8"]
[BlackElo "2024"]
[WhiteElo "2271"]

1. e4 {[%clk 1:30:53]} e5 {[%clk 1:30:58]} 2. Nf3 {[%clk 1:30:53]} f5
{[%clk 1:31:27]} 3. Nc3 {[%clk 1:27:52]} Nf6 {[%clk 1:29:16]} 4. d4
{[%clk 1:24:07]} exd4 {[%clk 1:25:42]} 5. Nxd4 {[%clk 1:21:59]} fxe4
{[%clk 1:25:46]} 6. Bg5 {[%clk 1:19:03]} Be7 {[%clk 1:20:18]} 7. Nf5
{[%clk 1:09:53]} O-O {[%clk 1:08:24]} 8. Nd5 {[%clk 1:05:28]} Nc6
{[%clk 1:06:13]} 9. Bc4 {[%clk 0:53:52]} Nxd5 {[%clk 0:51:17]} 10. Nxe7+
{[%clk 0:41:20]} Ncxe7 {[%clk 0:50:29]} 11. Bxd5+ {[%clk 0:41:34]} Kh8
{[%clk 0:50:19]} 12. Bxe4 {[%clk 0:41:55]} d5 {[%clk 0:44:13]} 13. Bd3
{[%clk 0:41:43]} Bf5 {[%clk 0:43:06]} 14. O-O {[%clk 0:41:04]} Qd7
{[%clk 0:41:26]} 15. Re1 {[%clk 0:37:57]} Ng6 {[%clk 0:40:03]} 16. Qd2
{[%clk 0:37:04]} Bxd3 {[%clk 0:31:52]} 17. Qxd3 {[%clk 0:35:55]} Qg4
{[%clk 0:30:13]} 18. Qg3 {[%clk 0:35:05]} Qf5 {[%clk 0:27:37]} 19. Re2
{[%clk 0:33:10]} h6 {[%clk 0:23:56]} 20. Be3 {[%clk 0:33:17]} Rac8
{[%clk 0:16:01]} 21. Rae1 {[%clk 0:32:42]} c5 {[%clk 0:14:37]} 22. c3
{[%clk 0:32:47]} b6 {[%clk 0:11:59]} 23. h3 {[%clk 0:32:56]} Kh7 {[%clk 0:10:28]}
24. Bd2 {[%clk 0:33:08]} d4 {[%clk 0:09:42]} 25. cxd4 {[%clk 0:31:40]} cxd4
{[%clk 0:10:08]} 26. Bb4 {[%clk 0:31:38]} Rf7 {[%clk 0:09:40]} 27. Rd2
{[%clk 0:29:39]} Rc2 {[%clk 0:07:48]} 28. Qg4 {[%clk 0:26:12]} Qxg4
{[%clk 0:06:28]} 29. hxg4 {[%clk 0:26:37]} d3 {[%clk 0:05:19]} 30. f3
{[%clk 0:23:07]} Rfc7 {[%clk 0:03:55]} 31. Red1 {[%clk 0:22:24]} Ne5
{[%clk 0:02:09]} 32. Bd6 {[%clk 0:18:32]} Rxd2 {[%clk 0:02:23]} 33. Rxd2
{[%clk 0:18:49]} Rc2 {[%clk 0:02:29]} 34. Rd1 {[%clk 0:17:01]} d2
{[%clk 0:02:08]} 35. Kf1 {[%clk 0:13:52]} Nc4 {[%clk 0:02:14]} 36. Ba3
{[%clk 0:14:07]} Ne3+ {[%clk 0:01:49]} 37. Ke2 {[%clk 0:14:31]} Nxd1
{[%clk 0:02:13]} 38. Kxd1 {[%clk 0:14:55]} Rc1+ {[%clk 0:02:25]} 39. Kxd2
{[%clk 0:15:17]} Rg1 {[%clk 0:02:47]} 40. Bd6 {[%clk 0:43:46]} Rxg2+
{[%clk 0:33:09]} 41. Kc3 {[%clk 0:44:04]} Rf2 {[%clk 0:33:01]} 42. f4
{[%clk 0:43:40]} Rg2 {[%clk 0:33:27]} 43. Bb8 {[%clk 0:43:37]} a6
{[%clk 0:33:42]} 44. Bc7 {[%clk 0:43:51]} b5 {[%clk 0:32:32]} 45. g5
{[%clk 0:42:28]} h5 {[%clk 0:32:47]} 0-1

[Event "World Chess Olympiad 2018"]
[Site "Batumi"]
[Date "2018.09.30"]
[Round "6"]
[Board "4"]
[WhiteFideId "6002552"]
[White "Ho In Hei Henry"]
[BlackFideId "4801695"]
[Black "Muhseen ABdullah Mohammed"]
[Result "0-1"]
[LiveChessVersion "1.4.8"]
[BlackElo "2220"]
[WhiteElo "1797"]

1. e4 {[%clk 1:30:56]} c6 {[%clk 1:30:52]} 2. d4 {[%clk 1:31:19]} d5
{[%clk 1:31:13]} 3. e5 {[%clk 1:31:35]} Bf5 {[%clk 1:31:36]} 4. Nf3
{[%clk 1:31:53]} e6 {[%clk 1:31:57]} 5. Be2 {[%clk 1:32:16]} Ne7 {[%clk 1:32:20]}
6. Nh4 {[%clk 1:29:14]} c5 {[%clk 1:19:00]} 7. dxc5 {[%clk 1:21:58]} Nbc6
{[%clk 1:07:48]} 8. Bb5 {[%clk 1:16:05]} Qa5+ {[%clk 1:00:43]} 9. Nc3
{[%clk 1:16:15]} Bg6 {[%clk 0:32:02]} 10. O-O {[%clk 1:12:24]} a6
{[%clk 0:32:08]} 11. Nxg6 {[%clk 1:00:47]} hxg6 {[%clk 0:29:51]} 12. Be2
{[%clk 0:33:24]} Nf5 {[%clk 0:29:16]} 13. Bg5 {[%clk 0:28:14]} Bxc5
{[%clk 0:26:36]} 14. a3 {[%clk 0:27:44]} Nxe5 {[%clk 0:26:00]} 15. b4
{[%clk 0:23:14]} Qc7 {[%clk 0:26:14]} 16. h3 {[%clk 0:11:07]} Bd4
{[%clk 0:25:49]} 17. Nxd5 {[%clk 0:08:18]} exd5 {[%clk 0:25:55]} 18. c3
{[%clk 0:07:45]} Bxc3 {[%clk 0:23:05]} 19. Qxd5 {[%clk 0:06:05]} Bxa1
{[%clk 0:22:19]} 20. Rxa1 {[%clk 0:06:31]} O-O {[%clk 0:22:23]} 21. Bf4
{[%clk 0:04:58]} Rae8 {[%clk 0:20:56]} 22. Re1 {[%clk 0:03:29]} Qd7
{[%clk 0:20:41]} 23. Rd1 {[%clk 0:00:33]} Qxd5 {[%clk 0:20:44]} 24. Rxd5
{[%clk 0:00:56]} Nc6 {[%clk 0:20:59]} 25. Bc4 {[%clk 0:00:32]} Rd8
{[%clk 0:20:57]} 26. Rc5 {[%clk 0:00:32]} Nfe7 {[%clk 0:20:08]} 27. b5
{[%clk 0:00:32]} axb5 {[%clk 0:20:23]} 28. Rxb5 {[%clk 0:00:42]} Rd4
{[%clk 0:20:44]} 29. Rxb7 {[%clk 0:00:35]} Rxf4 {[%clk 0:20:45]} 30. Bb5
{[%clk 0:00:34]} Rb8 {[%clk 0:20:59]} 31. Bxc6 {[%clk 0:00:34]} Nxc6
{[%clk 0:21:22]} 32. Rc7 {[%clk 0:00:48]} Rf6 {[%clk 0:21:14]} 33. Rd7
{[%clk 0:00:47]} Rb1+ {[%clk 0:21:36]} 34. Kh2 {[%clk 0:01:08]} Rxf2
{[%clk 0:22:04]} 35. Rd3 {[%clk 0:00:43]} Rbb2 {[%clk 0:22:24]} 36. Rg3
{[%clk 0:00:54]} Nd4 {[%clk 0:22:40]} 37. Rg4 {[%clk 0:01:02]} Nf3+
{[%clk 0:22:56]} 38. Kg3 {[%clk 0:01:06]} Rxg2+ {[%clk 0:23:15]} 39. Kxf3
{[%clk 0:01:18]} Rxg4 {[%clk 0:23:39]} 40. hxg4 {[%clk 0:31:44]} Rb3+
{[%clk 0:53:59]} 41. Kf4 {[%clk 0:19:30]} Rxa3 {[%clk 0:54:07]} 42. g5
{[%clk 0:10:17]} 0-1

[Event "World Chess Olympiad 2018"]
[Site "Batumi"]
[Date "2018.09.30"]
[Round "6"]
[Board "1"]
[WhiteFideId "5122279"]
[White "Cofre Archibold Nestor"]
[BlackFideId "14001101"]
[Black "Atabayev Maksat"]
[Result "1/2-1/2"]
[LiveChessVersion "1.4.8"]
[BlackElo "2505"]
[WhiteElo "2346"]

1. Nf3 {[%clk 1:30:47]} Nf6 {[%clk 1:29:08]} 2. c4 {[%clk 1:30:58]} g6
{[%clk 1:28:13]} 3. g3 {[%clk 1:30:18]} Bg7 {[%clk 1:28:25]} 4. Bg2
{[%clk 1:30:30]} d5 {[%clk 1:28:51]} 5. cxd5 {[%clk 1:30:34]} Nxd5
{[%clk 1:29:16]} 6. Nc3 {[%clk 1:30:35]} Nb6 {[%clk 1:29:31]} 7. d4
{[%clk 1:27:56]} O-O {[%clk 1:29:38]} 8. O-O {[%clk 1:27:44]} Nc6
{[%clk 1:29:51]} 9. e3 {[%clk 1:27:17]} Re8 {[%clk 1:29:56]} 10. Qe2
{[%clk 1:27:04]} a5 {[%clk 1:21:51]} 11. Rd1 {[%clk 1:26:28]} a4 {[%clk 1:18:33]}
12. h3 {[%clk 1:15:54]} Bd7 {[%clk 1:06:38]} 13. Kh2 {[%clk 0:57:49]} Qc8
{[%clk 1:03:07]} 14. d5 {[%clk 0:54:38]} Na5 {[%clk 1:03:04]} 15. Nd4
{[%clk 0:43:52]} c5 {[%clk 0:58:47]} 16. Nf3 {[%clk 0:33:42]} e6 {[%clk 0:39:30]}
17. d6 {[%clk 0:32:12]} Nac4 {[%clk 0:28:53]} 18. e4 {[%clk 0:31:52]} Bc6
{[%clk 0:27:21]} 19. e5 {[%clk 0:19:35]} Bxf3 {[%clk 0:09:24]} 20. Bxf3
{[%clk 0:18:01]} Nxe5 {[%clk 0:08:38]} 21. Bg2 {[%clk 0:15:56]} Rd8
{[%clk 0:01:36]} 22. Bg5 {[%clk 0:14:44]} f6 {[%clk 0:00:48]} 23. Bf4
{[%clk 0:13:50]} Nf7 {[%clk 0:00:55]} 24. Qb5 {[%clk 0:03:26]} Ra6
{[%clk 0:01:03]} 25. Ne4 {[%clk 0:02:28]} Nd7 {[%clk 0:01:19]} 26. Rac1
{[%clk 0:02:42]} Rb6 {[%clk 0:01:20]} 27. Qe2 {[%clk 0:01:25]} f5
{[%clk 0:00:58]} 28. Nc3 {[%clk 0:01:03]} g5 {[%clk 0:00:31]} 29. Qxe6
{[%clk 0:00:42]} gxf4 {[%clk 0:00:47]} 30. Nd5 {[%clk 0:00:38]} Re8
{[%clk 0:01:09]} 31. Nxb6 {[%clk 0:00:45]} Nxb6 {[%clk 0:01:35]} 32. Qxc8
{[%clk 0:00:41]} fxg3+ {[%clk 0:01:59]} 33. fxg3 {[%clk 0:01:06]} Rxc8
{[%clk 0:02:26]} 34. d7 {[%clk 0:01:11]} Rd8 {[%clk 0:02:13]} 35. Rxc5
{[%clk 0:01:32]} Rxd7 {[%clk 0:02:05]} 36. Rxd7 {[%clk 0:01:33]} Nxd7
{[%clk 0:02:31]} 37. Rc7 {[%clk 0:01:38]} Nfe5 {[%clk 0:02:42]} 38. Rxb7
{[%clk 0:01:42]} Kf8 {[%clk 0:02:50]} 39. Ra7 {[%clk 0:01:42]} Nb6
{[%clk 0:03:16]} 40. Ra6 {[%clk 0:31:44]} Ned7 {[%clk 0:33:24]} 41. Bc6
{[%clk 0:31:42]} Bxb2 {[%clk 0:33:31]} 42. Bxd7 {[%clk 0:32:09]} Nxd7
{[%clk 0:33:56]} 43. Rxa4 {[%clk 0:32:33]} Ke7 {[%clk 0:34:19]} 44. Kg2
{[%clk 0:32:08]} Nf6 {[%clk 0:34:07]} 45. Kf3 {[%clk 0:32:02]} Be5
{[%clk 0:34:36]} 46. Rb4 {[%clk 0:30:20]} Ne4 {[%clk 0:33:06]} 47. a4
{[%clk 0:21:54]} Bc7 {[%clk 0:31:13]} 48. g4 {[%clk 0:15:48]} Ng5+
{[%clk 0:31:18]} 49. Kg2 {[%clk 0:16:05]} fxg4 {[%clk 0:31:40]} 50. hxg4
{[%clk 0:15:39]} Ne6 {[%clk 0:30:21]} 51. Kf3 {[%clk 0:10:29]} Nc5
{[%clk 0:30:31]} 52. g5 {[%clk 0:10:15]} Ne6 {[%clk 0:30:54]} 53. Kg4
{[%clk 0:10:10]} Kd6 {[%clk 0:31:19]} 54. Rb5 {[%clk 0:05:42]} Bd8
{[%clk 0:31:24]} 55. a5 {[%clk 0:05:41]} Nc5 {[%clk 0:28:51]} 56. Kh5
{[%clk 0:05:01]} Kc6 {[%clk 0:29:14]} 57. Rb8 {[%clk 0:03:59]} Bxa5
{[%clk 0:29:41]} 58. Rc8+ {[%clk 0:03:45]} Kb5 {[%clk 0:29:55]} 59. Rxc5+
{[%clk 0:02:24]} Kxc5 {[%clk 0:30:21]} 60. Kh6 {[%clk 0:02:48]} 1/2-1/2